<?xml version="1.0" encoding="UTF-8"?><?xml-stylesheet type="text/xsl" href="static/style.xsl"?><OAI-PMH xmlns="http://www.openarchives.org/OAI/2.0/" xmlns:xsi="http://www.w3.org/2001/XMLSchema-instance" xsi:schemaLocation="http://www.openarchives.org/OAI/2.0/ http://www.openarchives.org/OAI/2.0/OAI-PMH.xsd"><responseDate>2026-04-28T22:57:03Z</responseDate><request verb="GetRecord" identifier="oai:repisalud.isciii.es:20.500.12105/9384" metadataPrefix="marc">https://repisalud.isciii.es/rest/oai/request</request><GetRecord><record><header><identifier>oai:repisalud.isciii.es:20.500.12105/9384</identifier><datestamp>2025-05-07T09:25:09Z</datestamp><setSpec>com_20.500.12105_2052</setSpec><setSpec>com_20.500.12105_2051</setSpec><setSpec>col_20.500.12105_19613</setSpec></header><metadata><record xmlns="http://www.loc.gov/MARC21/slim" xmlns:dcterms="http://purl.org/dc/terms/" xmlns:doc="http://www.lyncode.com/xoai" xmlns:xsi="http://www.w3.org/2001/XMLSchema-instance" xsi:schemaLocation="http://www.loc.gov/MARC21/slim http://www.loc.gov/standards/marcxml/schema/MARC21slim.xsd">
   <leader>00925njm 22002777a 4500</leader>
   <datafield ind2=" " ind1=" " tag="042">
      <subfield code="a">dc</subfield>
   </datafield>
   <datafield ind2=" " ind1=" " tag="720">
      <subfield code="a">Romero-Fernández, María del Mar</subfield>
      <subfield code="e">author</subfield>
   </datafield>
   <datafield ind2=" " ind1=" " tag="720">
      <subfield code="a">Royo-Bordonada, Miguel Angel</subfield>
      <subfield code="e">author</subfield>
   </datafield>
   <datafield ind2=" " ind1=" " tag="720">
      <subfield code="a">Rodríguez-Artalejo, Fernando</subfield>
      <subfield code="e">author</subfield>
   </datafield>
   <datafield ind2=" " ind1=" " tag="260">
      <subfield code="c">2010-07</subfield>
   </datafield>
   <datafield ind2=" " ind1=" " tag="520">
      <subfield code="a">OBJECTIVE: To evaluate the level of compliance with the PAOS Code (Publicidad, Actividad, Obesidad y Salud), which establishes standards for the self-regulation of food marketing aimed at minors, in television advertising by food and beverage companies that have agreed to abide by the Code. DESIGN: The study sample consisted of food and beverage advertisements targeting children during 80 h of programming by four Spanish television networks. The level of compliance with each standard of the PAOS Code was classified into three categories: 'compliance', 'non-compliance' and 'uncertain compliance'. Overall, an advertisement was considered compliant with the PAOS Code if it met all the standards; non-compliant if it contravened one or more standards; and uncertain in all other cases. RESULTS: Of a total of 203 television advertisements from companies that agreed to the PAOS Code, the overall prevalence of non-compliance was 49.3% (v. 50.8% among those that did not agree to the code), with 20.7% of advertisements considered of uncertain compliance. Non-compliance was more frequent on Saturdays, in longer advertisements, in advertisements containing promotions or dairy products, and for advertisements from companies of French or US origin. CONCLUSIONS: Non-compliance with the PAOS Code was very high and was similar for companies that did and did not agree to the Code, casting doubt on the Code's effectiveness and oversight system. It seems the time has come to commit to statutory regulations that reduce the negative impact of advertising on children's diets, as demanded by public health experts and consumer associations.</subfield>
   </datafield>
   <datafield ind1="8" ind2=" " tag="024">
      <subfield code="a">Public Health Nutr. 2010 Jul;13(7):1013-21.</subfield>
   </datafield>
   <datafield ind1="8" ind2=" " tag="024">
      <subfield code="a">1368-9800</subfield>
   </datafield>
   <datafield ind1="8" ind2=" " tag="024">
      <subfield code="a">http://hdl.handle.net/20.500.12105/9384</subfield>
   </datafield>
   <datafield ind1="8" ind2=" " tag="024">
      <subfield code="a">20082746</subfield>
   </datafield>
   <datafield ind1="8" ind2=" " tag="024">
      <subfield code="a">10.1017/S1368980009991984</subfield>
   </datafield>
   <datafield ind1="8" ind2=" " tag="024">
      <subfield code="a">1475-2727</subfield>
   </datafield>
   <datafield ind1="8" ind2=" " tag="024">
      <subfield code="a">Public health nutrition</subfield>
   </datafield>
   <datafield ind2="0" ind1="0" tag="245">
      <subfield code="a">Compliance with self-regulation of television food and beverage advertising aimed at children in Spain</subfield>
   </datafield>
</record></metadata></record></GetRecord></OAI-PMH>